Library Banner

Medical and healthcare textiles (Record no. 84638)

MARC details
000 -LEADER
fixed length control field 00587nam a2200217Ia 4500
001 - CONTROL NUMBER
control field 71631
008 - FIXED-LENGTH DATA ELEMENTS--GENERAL INFORMATION
fixed length control field 160401s9999 xx 000 0 und d
020 ## - INTERNATIONAL STANDARD BOOK NUMBER
International Standard Book Number 9781845692247
040 ## - CATALOGING SOURCE
Transcribing agency PK-LaUMT
082 ## - DEWEY DECIMAL CLASSIFICATION NUMBER
Classification number 610.28
Item number MED-
100 ## - MAIN ENTRY--PERSONAL NAME
Personal name Anand, S. C.
245 ## - TITLE STATEMENT
Title Medical and healthcare textiles
Statement of responsibility, etc Anand, S. C.|Miraftab, M.|Kennedy, J. F.|Rajendran, S.
260 ## - PUBLICATION, DISTRIBUTION, ETC. (IMPRINT)
Place of publication, distribution, etc Oxford,UK:
Name of publisher, distributor, etc Woodhead Publishing,
Date of publication, distribution, etc 2010
300 ## - PHYSICAL DESCRIPTION
Extent 529 p.
546 ## - LANGUAGE NOTE
Language note EN
650 ## - SUBJECT ADDED ENTRY--TOPICAL TERM
Topical term or geographic name as entry element Biomedical materials
700 ## - ADDED ENTRY--PERSONAL NAME
Personal name Kennedy, J. F.
700 ## - ADDED ENTRY--PERSONAL NAME
Personal name Miraftab, M.
700 ## - ADDED ENTRY--PERSONAL NAME
Personal name Rajendran, S.
942 ## - ADDED ENTRY ELEMENTS (KOHA)
Koha item type Books
Holdings
Withdrawn status Lost status Damaged status Not for loan Home library Current library Date acquired Total Checkouts Full call number Barcode Date last seen Price effective from Koha item type
        UMT Main Campus UMT Main Campus 2016-04-01   610.28 MED- 98030 2016-04-01 2016-04-01 Books